| 000 | 00781nam a2200241Ia 4500 | ||
|---|---|---|---|
| 003 | OSt | ||
| 005 | 20220923230409.0 | ||
| 006 | a|||||r|||| 00| 0 | ||
| 007 | ta | ||
| 008 | 220922b |||||||| |||| 00| 0 hin d | ||
| 024 | _a281,058 | ||
| 037 | _cTextual | ||
| 040 |
_aARTS _cARTS _bhin |
||
| 041 |
_2hin _ahin |
||
| 082 | _aQ11:22(Y:1), 152N1 | ||
| 100 |
_aबलबीर आचार्य _9156318 |
||
| 245 | 0 | _aऋग्वेदीय ब्राह्मणों का सांस्कृतिक अध्ययन | |
| 246 | _aṚugvedīya brāhmaṇoan kā sāanskṛutik adhyayana | ||
| 260 | _c1991 | ||
| 650 | _aधर्म | ||
| 942 |
_hQ11:22(Y:1), 152N1 _cTEXL _2CC |
||
| 999 |
_c384556 _d384556 |
||